Statistics for Albums By The Beatles (American)

Click here to take the quiz!

General Stats

  • This quiz has been taken 553 times
  • The average score is 10 of 20

Answer Stats

Year Type Album % Correct
1970Studio AlbumLet It Be
87%
1968Studio AlbumThe Beatles
87%
1969Studio AlbumAbbey Road
84%
1965Studio AlbumRubber Soul
83%
1966Studio AlbumRevolver
82%
1965Soundtrack AlbumHelp!
81%
1969Studio AlbumYellow Submarine
76%
1967Soundtrack AlbumMagical Mystery Tour
75%
1967Studio AlbumSgt. Pepper's Lonely Hearts Club Band
72%
1964Soundtrack AlbumA Hard Day's Night
71%
1964Studio AlbumMeet The Beatles!
60%
1966Studio AlbumYesterday And Today
33%
1970Compilation AlbumHey Jude
30%
1964Studio AlbumIntroducing... The Beatles
22%
1964Studio AlbumBeatles '65
20%
1964Studio AlbumThe Beatles' Second Album
18%
1964Studio AlbumSomething New
17%
1965Studio AlbumBeatles VI
16%
1964Studio Album / Spoken WordThe Beatles' Story
11%
1965Compilation AlbumThe Early Beatles
11%

Score Distribution

Percentile by Number Answered

Percent of People with Each Score

Your Score History

You have not taken this quiz